000 00489nam a2200181Ia 4500
001 21370
005 20260306172914.0
008 260306t2012||||xx |||||||||||||| ||spa||
041 _aESP
082 _a344.6
_bH36
100 _aHeine, Günter
_eAUT
245 0 _aModelos de responsabilidad penal de las personas jurídicas:
_bpropuestas globales contemporáneas
260 _c2012
300 _a341 páginas :
_c24 cm.
650 _aGEN
654 _aCDE
942 _cLIB
_dJUS
_fJUS
_2ddc
_n
999 _c21370
_d21370